[Event "Canovelles op 11th"]
[Site "Canovelles"]
[Date "2008.04.18"]
[Round "6.11"]
[White "Orio Ferrer, Inaki"]
[Black "Barranco Montilla, Cristobal"]
[Result "0-1"]
[WhiteElo "1822"]
[BlackElo "2190"]
[PlyCount "68"]
[EventDate "2008.03.07"]
[EventType "swiss"]
[EventRounds "9"]
[EventCountry "ESP"]
[SourceTitle "EXT 2024"]
[Source "ChessBase"]
[SourceDate "2023.10.10"]
[SourceVersion "1"]
[SourceVersionDate "2023.10.10"]
[SourceQuality "1"]

1. e4 c5 2. Nf3 Nc6 3. d4 cxd4 4. Nxd4 g6 5. Nc3 Bg7 6. Be3 Nf6 7. Be2 0-0 8. 0-0 d5 9. exd5 Nb4 10. Qd2 Nbxd5 11. Nxd5 Nxd5 12. Bh6 e5 13. Bxg7 Kxg7 14. Nb3 Nf4 15. Bf3 Qg5 16. Kh1 Qe7 17. Rfe1 g5 18. Rad1 Bf5 19. c3 Rfd8 20. Qe3 Nd3 21. Re2 g4 22. Bxg4 Bxg4 23. Rxd3 Rxd3 24. Qxd3 Bxe2 25. Qxe2 Qg5 26. h3 Rd8 27. g3 Qf5 28. Kh2 f6 29. Nc5 b6 30. Ne4 h6 31. a4 Qd7 32. g4 Qd3 33. Qe1 Qf3 34. Ng3 Rd1 0-1

[Event "Canovelles op 11th"]
[Site "Canovelles"]
[Date "2008.03.28"]
[Round "3.11"]
[White "Navarro Escura, Marc"]
[Black "Orio Ferrer, Inaki"]
[Result "0-1"]
[WhiteElo "1915"]
[BlackElo "1822"]
[PlyCount "52"]
[EventDate "2008.03.07"]
[EventType "swiss"]
[EventRounds "9"]
[EventCountry "ESP"]
[SourceTitle "EXT 2024"]
[Source "ChessBase"]
[SourceDate "2023.10.10"]
[SourceVersion "1"]
[SourceVersionDate "2023.10.10"]
[SourceQuality "1"]

1. e4 e5 2. Nf3 Nc6 3. d4 exd4 4. Nxd4 Qf6 5. Be3 Bc5 6. c3 Nge7 7. g3 d6 8. Bg2 0-0 9. 0-0 Ne5 10. Qc1 h6 11. Nb5 c6 12. Bxc5 dxc5 13. N5a3 b6 14. Nd2 b5 15. f4 Nd3 16. e5 Qe6 17. Qc2 c4 18. Nxb5 cxb5 19. Bxa8 Qb6+ 20. Kg2 Nf5 21. Rf3 Ne3+ 22. Rxe3 Qxe3 23. Nf3 Bf5 24. Nd4 Nxf4+ 25. gxf4 Bxc2 26. Nxc2 Qd2+ 0-1